[Event "Lleida-ch B"]
[Site "La Guardia"]
[Date "2015.11.15"]
[Round "7.2"]
[White "Vladimirov Savov, Tsanco"]
[Black "Tarrago Pinyol, Robert"]
[Result "1-0"]
[WhiteElo "1897"]
[BlackElo "1840"]
[PlyCount "51"]
[EventDate "2015.09.27"]
[EventType "swiss"]
[EventRounds "9"]
[EventCountry "ESP"]
[SourceTitle "EXT 2024"]
[Source "ChessBase"]
[SourceDate "2023.10.10"]
[SourceVersion "1"]
[SourceVersionDate "2023.10.10"]
[SourceQuality "1"]

1. d4 Nf6 2. c4 e6 3. Nc3 Bb4 4. Bd2 Bxc3 5. Bxc3 Ne4 6. Qc2 Nxc3 7. Qxc3 b6 8. e4 Bb7 9. Bd3 d5 10. cxd5 exd5 11. e5 Nd7 12. Nf3 c5 13. dxc5 Nxc5 14. Bb5+ Kf8 15. 0-0 a6 16. Be2 Rc8 17. Rac1 Ne6 18. Qb4+ Kg8 19. Rxc8 Bxc8 20. Rc1 Bb7 21. Nd4 Nxd4 22. Qxd4 h5 23. e6 fxe6 24. Qe5 Bc8 25. Rc7 Bd7 26. Qd6 1-0

[Event "Lleida-ch U16"]
[Site "Balaguer"]
[Date "2014.02.22"]
[Round "9.1"]
[White "Tarrago Pinyol, Robert"]
[Black "Sole Gonzalez, Edgar"]
[Result "1/2-1/2"]
[WhiteElo "1720"]
[BlackElo "1942"]
[PlyCount "42"]
[EventDate "2014.01.25"]
[EventType "tourn"]
[EventRounds "10"]
[EventCountry "ESP"]
[SourceTitle "EXT 2024"]
[Source "ChessBase"]
[SourceDate "2023.10.10"]
[SourceVersion "1"]
[SourceVersionDate "2023.10.10"]
[SourceQuality "1"]

1. e4 e5 2. Nf3 Nc6 3. Bb5 Bc5 4. c3 d6 5. d3 Bd7 6. Be3 Bb6 7. Nbd2 h6 8. 0-0 Nf6 9. h3 0-0 10. Bxb6 axb6 11. Ba4 Nh7 12. Bc2 Ng5 13. Nxg5 Qxg5 14. Nf3 Qf4 15. Qd2 Qxd2 16. Nxd2 Be6 17. a3 f6 18. Bb3 Bxb3 19. Nxb3 Na5 20. Nxa5 bxa5 21. f3 b6 1/2-1/2